Mikó Imre 1805-1876
Elmentve itt :
| Szerző: | |
|---|---|
| Adatforrás: | Meister |
| Forrásdokumentuma: | Helikon. - 4 sz., 1995, 18 p. |
| Nyelv: | magyar |
| Kulcsszavak: | művelődéstörténet Erdély, 1848 MIKÓ Imre BERDE Áron Hetilap Kolozsvári Közlöny Erdélyi Gazdasági Egyesület (EGE) |
| LEADER | 00510nab a2200193 i 4500 | ||
|---|---|---|---|
| 001 | bibPRO00009557 | ||
| 008 | 060524s1995 xx hun | ||
| 040 | |a Sz1 | ||
| 041 | |a hun | ||
| 100 | 1 | |a EGYED Ákos | |
| 245 | 1 | 0 | |a Mikó Imre 1805-1876 |c EGYED Ákos |
| 695 | |a művelődéstörténet | ||
| 695 | |a Erdély, 1848 | ||
| 695 | |a MIKÓ Imre | ||
| 695 | |a BERDE Áron | ||
| 695 | |a Hetilap | ||
| 695 | |a Kolozsvári Közlöny | ||
| 695 | |a Erdélyi Gazdasági Egyesület (EGE) | ||
| 773 | 0 | |t Helikon. - |g 4 sz., 1995, 18 p. | |